Mystery XI #8 - Statistics

General Stats
  • This quiz has been taken 285 times
  • The average score is 7 of 11
Answer Stats
Answer % Correct
Erling Haaland
99%
Jadon Sancho
84%
Manuel Akanji
83%
Mats Hummels
83%
Marco Reus
80%
Raphael Guerreiro
80%
Giovanni Reyna
74%
Thomas Delaney
52%
Julian Brandt
45%
Marwin Hitz
33%
Mateu Morey
22%
No matching quizzes found
Score Distribution
Percent of People with Each Score
Percentile by Number Answered
Your Score History
You have not taken this quiz